01501nmc a2200457 a 4500003000900000005001700009008004100026020001800067040001300085100002400098245011000122260005800232300001500290490004400305500005600349500004300405600001700448600003400465600001700499600002100516600002700537600003900564600001200603600002700615600002600642600002600668610002600694650001700720650002200737650003600759650002100795650002000816650001400836650003000850650003400880651001400914653001400928700003100942740004000973800003001013AR-BaBNM20251128204121.0075019s1989 ||||||||||||||000 | spa|| a950-25-1535-8 cAR-BaBNM1 aGarcía, Alicia S.10aTextos y documentos bEl autoritarismo y los argentinos. La hora de la espada y del balcón 1946-1964n3 aBuenos AiresbCentro Editor de América Latinac1989 ap. 265-366 0aBiblioteca política Argentinavv. 266 aUNES: UNION NACIONALISTA DE ESTUDIANTES SECUNDARIOS aSUA: SINDICATO UNIVERSITARIO ARGENTINO14aRial, Arturo14aSánchez Sañudo, Carlos A.14aLagos, Julio14aLucero, Franklin14aMolina, José Domingo14aAramburu, Pedro Eugeniod1955-195804aLonardi14aRojas, Isaac Francisco14aOssorio Arana, Arturo14aPerón, Juan Domingo24aPartido Justicialista 4aSIGLO VEINTE 4aHISTORIA POLITICA 4aREVOLUCION DE SETIEMBRE DE 1955 4aGOLPES DE ESTADO 4aFUERZAS ARMADAS 4aDICTADURA 4aMOVIMIENTOS ESTUDIANTILES 4aORGANIZACIONES DE ESTUDIANTES 4aArgentina aPERONISMO1 aRodríguez Molas, Ricardo0 aLa hora de la espada y del balcón1 aTroncoso, Oscaredirector